Normal view
MARC view
- Blumenthal, Max,
Entry Personal Name
001 - CONTROL NUMBER
- control field: 93768
003 - CONTROL NUMBER IDENTIFIER
- control field: NUST
005 - DATE AND TIME OF LATEST TRANSACTION
- control field: 20220719112341.0
008 - FIXED-LENGTH DATA ELEMENTS
- fixed length control field: 220719|| aca||aabn | a|a d
040 ## - CATALOGING SOURCE
- Original cataloging agency: NUST
- Transcribing agency: NUST
100 ## - HEADING--PERSONAL NAME
- Personal name: Blumenthal, Max,
- Dates associated with a name: 1977-
670 ## - SOURCE DATA FOUND
- Source citation: Work cat.: (NUST)0: Blumenthal, Max, 1977- author., The management of savagery :
